| 000 | 00369nam a22001337a 4500 | ||
|---|---|---|---|
| 082 |
_a823 _bGAN/H |
||
| 100 | _aGANERI, ANITA | ||
| 245 | _aHORRIBLE HISTORY: STORMY WEATHER | ||
| 246 |
_aHORRIBLE HISTORY: STORMY WEATHER _bHORRIBLE HISTORY: STORMY WEATHER |
||
| 260 |
_aNEW DELHI _bSCHOLASTIC _c1999 |
||
| 300 | _a160 | ||
| 650 | _aSTORY OF HORRIBLE GEOGRAPHY | ||
| 942 | _cBK | ||
| 999 |
_c8598 _d8598 |
||